[Event "Cannes op 18th"]
[Site "Cannes"]
[Date "1997.??.??"]
[Round "2"]
[White "Grigorov, Jordan N"]
[Black "Giffard, Nicolas"]
[Result "1-0"]
[WhiteElo "2375"]
[BlackElo "2405"]
[PlyCount "67"]
[EventDate "1997.02.22"]
[EventType "swiss"]
[EventRounds "9"]
[EventCountry "FRA"]
[SourceTitle "CBM 057 Extra"]
[Source "ChessBase"]
[SourceDate "1997.05.01"]
[SourceVersion "1"]
[SourceVersionDate "1997.05.01"]
[SourceQuality "1"]

1. e4 c5 2. Nc3 d6 3. f4 g6 4. Nf3 Bg7 5. Bc4 e6 6. d4 cxd4 7. Nxd4 a6 8. a4 Qb6 9. Nb3 Ne7 10. Qe2 Nd7 11. Be3 Qc7 12. a5 0-0 13. 0-0 d5 14. exd5 exd5 15. Bd3 Nf6 16. Bb6 Qd7 17. Nc5 Qd6 18. N5a4 Bg4 19. Qf2 Nd7 20. Bd4 Bxd4 21. Qxd4 Nf6 22. Qc5 Rad8 23. Qxd6 Rxd6 24. Nc5 Bc8 25. b4 Rc6 26. Ne2 Rc7 27. Nd4 Rd8 28. Rfe1 Bf5 29. Rad1 Ne4 30. Nxf5 gxf5 31. Bxe4 fxe4 32. Nxe4 Nc6 33. Nf6+ Kf8 34. Rxd5 1-0

[Event "Cannes op 18th"]
[Site "Cannes"]
[Date "1997.??.??"]
[Round "3"]
[White "Xie, Jun"]
[Black "Grigorov, Jordan N"]
[Result "1/2-1/2"]
[WhiteElo "2500"]
[BlackElo "2375"]
[PlyCount "97"]
[EventDate "1997.02.22"]
[EventType "swiss"]
[EventRounds "9"]
[EventCountry "FRA"]
[SourceTitle "CBM 057 Extra"]
[Source "ChessBase"]
[SourceDate "1997.05.01"]
[SourceVersion "1"]
[SourceVersionDate "1997.05.01"]
[SourceQuality "1"]

1. e4 g6 2. d4 Bg7 3. Nc3 c6 4. Bc4 d6 5. Qf3 e6 6. Nge2 b5 7. Bd3 e5 8. dxe5 dxe5 9. Be3 Nf6 10. h3 Be6 11. 0-0 Nbd7 12. Ng3 0-0 13. a3 Qe7 14. Rfd1 Nb6 15. Qe2 Nfd7 16. Qd2 Rfd8 17. Qc1 Nc5 18. Bf1 Bc4 19. Bg5 Bf6 20. Bxf6 Qxf6 21. Bxc4 Nxc4 22. b3 Nb6 23. Qh6 Ne6 24. Rxd8+ Rxd8 25. Rd1 Rxd1+ 26. Nxd1 Qf4 27. Qxf4 Nxf4 28. Kf1 a5 29. Ne2 Ne6 30. Nb2 f6 31. Ke1 Kf7 32. Kd2 Ke7 33. f3 Kd6 34. Ke3 c5 35. Nc3 Nd4 36. Kd3 b4 37. axb4 cxb4 38. Ncd1 Kc5 39. Ne3 Ne6 40. c3 Nf4+ 41. Kd2 bxc3+ 42. Kxc3 Ne2+ 43. Kd2 Nd4 44. Nd3+ Kd6 45. Kc3 Nb5+ 46. Kd2 h5 47. Nb2 Kc5 48. Nd3+ Kd6 49. Nb2 1/2-1/2

[Event "Budapest Spring op 09th"]
[Site "Budapest"]
[Date "1993.??.??"]
[Round "8"]
[White "Grigorov, Jordan N"]
[Black "Danner, Georg"]
[Result "1-0"]
[WhiteElo "2380"]
[BlackElo "2385"]
[PlyCount "129"]
[EventDate "1993.03.??"]
[EventType "swiss"]
[EventRounds "9"]
[EventCountry "HUN"]
[SourceTitle "EXT 1998"]
[Source "ChessBase"]
[SourceDate "1997.11.17"]
[SourceVersion "1"]
[SourceVersionDate "1997.11.17"]
[SourceQuality "1"]

1. e4 c5 2. Nf3 d6 3. d4 cxd4 4. Nxd4 Nf6 5. Nc3 a6 6. g3 e5 7. Nde2 Be7 8. Bg2 0-0 9. 0-0 Be6 10. h3 b5 11. Be3 Nbd7 12. a4 b4 13. Nd5 Nxd5 14. exd5 Bf5 15. Qd2 Qa5 16. f4 f6 17. g4 Bg6 18. f5 Bf7 19. Nc1 Nc5 20. Nb3 Nxb3 21. cxb3 Bd8 22. Rac1 Bb6 23. Bxb6 Qxb6+ 24. Kh2 Be8 25. Qf2 Qd8 26. Rc4 a5 27. Rfc1 Rf7 28. Qc2 Rfa7 29. Rc7 Kf8 30. Be4 Bd7 31. Rc4 Qb6 32. Qe2 Kf7 33. h4 Qd8 34. Qe3 Rb7 35. Kg3 Ke7 36. Kf3 Qb6 37. Qd2 Rf8 38. Ke2 Rbb8 39. g5 Rbc8 40. gxf6+ gxf6 41. Qh6 Rxc4 42. Rxc4 Qg1 43. Qxh7+ Rf7 44. Qg6 Rg7 45. Qxg1 Rxg1 46. Bc2 Kd8 47. Kf2 Rc1 48. Ke3 Be8 49. Kd2 Rg1 50. Be4 Rf1 51. Bc2 Rf2+ 52. Ke3 Rh2 53. Bd1 Bf7 54. Rc6 Kd7 55. Ra6 Bxd5 56. Rxa5 Rh3+ 57. Kf2 Be4 58. Ra7+ Kc6 59. h5 Bxf5 60. Rf7 Be4 61. Rxf6 Kc5 62. a5 Rh1 63. Bg4 Ra1 64. Ke3 d5 65. a6 1-0

[Event "Cappelle op 09th"]
[Site "Cappelle la Grande"]
[Date "1993.??.??"]
[Round "9"]
[White "Grigorov, Jordan N"]
[Black "Makarichev, Sergey"]
[Result "0-1"]
[WhiteElo "2380"]
[BlackElo "2545"]
[PlyCount "118"]
[EventDate "1993.02.??"]
[EventType "swiss"]
[EventRounds "9"]
[EventCountry "FRA"]
[SourceTitle "TD"]
[Source "ChessBase"]
[SourceDate "1994.03.01"]
[SourceVersion "1"]
[SourceVersionDate "1994.03.01"]
[SourceQuality "1"]

1. e4 e5 2. Bc4 Nf6 3. d3 c6 4. Nf3 Be7 5. 0-0 Qc7 6. Bb3 0-0 7. Re1 d6 8. c3 Nbd7 9. d4 b5 10. Nbd2 a5 11. a3 c5 12. Nf1 Bb7 13. Ng3 Rfe8 14. h3 Bf8 15. d5 c4 16. Bc2 Nc5 17. Be3 Bc8 18. Nd2 Rb8 19. Qf3 Bd7 20. Reb1 Rec8 21. Nf5 Kh8 22. Bg5 Ng8 23. Ne3 f6 24. Bh4 Be7 25. g4 Rd8 26. Bg3 Nh6 27. Kg2 g6 28. Rf1 f5 29. gxf5 gxf5 30. Qh5 Ng8 31. exf5 Nf6 32. Qd1 Qb7 33. Kh2 Be8 34. Qf3 Bh5 35. Qg2 Rg8 36. Ne4 Nd3 37. Bxd3 cxd3 38. Nxf6 Bxf6 39. Qe4 Be2 40. Rg1 Qe7 41. Ng4 Rbf8 42. a4 bxa4 43. Rxa4 h5 44. Ne3 Bg5 45. f4 exf4 46. Qd4+ Qe5 47. Bxf4 Qxd4 48. Rxd4 Bf6 49. Ra4 Rxg1 50. Kxg1 Rg8+ 51. Kh2 d2 52. Ra1 Re8 53. Nd1 Be5 54. Bxe5+ Rxe5 55. Kg3 Rxf5 56. b4 Rf1 57. bxa5 Rxd1 58. Rxd1 Bxd1 59. a6 Bb3 0-1

[Event "Budapest Spring op 09th"]
[Site "Budapest"]
[Date "1993.??.??"]
[Round "2"]
[White "Grigorov, Jordan N"]
[Black "Roemer, Ulrich"]
[Result "1-0"]
[WhiteElo "2380"]
[BlackElo "2245"]
[PlyCount "53"]
[EventDate "1993.03.??"]
[EventType "swiss"]
[EventRounds "9"]
[EventCountry "HUN"]
[SourceTitle "EXT 1998"]
[Source "ChessBase"]
[SourceDate "1997.11.17"]
[SourceVersion "1"]
[SourceVersionDate "1997.11.17"]
[SourceQuality "1"]

1. e4 d6 2. d4 Nf6 3. Nc3 g6 4. g3 Bg7 5. Bg2 0-0 6. Nge2 e5 7. 0-0 Nc6 8. dxe5 dxe5 9. Bg5 Be6 10. Nd5 Nd4 11. Nxd4 exd4 12. Nf4 Bc4 13. e5 Bxf1 14. exf6 Bxf6 15. Bxf6 Qxf6 16. Qxf1 c6 17. Qc4 Rfe8 18. Rd1 Rad8 19. h4 Re7 20. a4 Kg7 21. b4 a6 22. Qb3 Qf5 23. Qc4 Qf6 24. Qd3 Qe5 25. c3 dxc3 26. Qxd8 c2 27. Rf1 1-0

[Event "Budapest Spring op 09th"]
[Site "Budapest"]
[Date "1993.??.??"]
[Round "5"]
[White "Kahn, Evarth"]
[Black "Grigorov, Jordan N"]
[Result "1-0"]
[WhiteElo "2360"]
[BlackElo "2380"]
[PlyCount "113"]
[EventDate "1993.03.??"]
[EventType "swiss"]
[EventRounds "9"]
[EventCountry "HUN"]
[SourceTitle "EXT 1998"]
[Source "ChessBase"]
[SourceDate "1997.11.17"]
[SourceVersion "1"]
[SourceVersionDate "1997.11.17"]
[SourceQuality "1"]

1. d4 f5 2. Nf3 Nf6 3. g3 g6 4. Bg2 Bg7 5. 0-0 0-0 6. c4 d6 7. Nc3 Qe8 8. Re1 c6 9. e4 fxe4 10. Nxe4 Nxe4 11. Rxe4 Bf5 12. Re1 Nd7 13. Nh4 e5 14. dxe5 dxe5 15. Nxf5 gxf5 16. Be3 Qf7 17. f4 e4 18. Qb3 Nb6 19. Bf1 Rfd8 20. Rad1 Qf6 21. Rxd8+ Rxd8 22. Rd1 Rxd1 23. Qxd1 Kf7 24. b3 Ke6 25. g4 Qh4 26. Be2 Bc3 27. Bf2 Qf6 28. gxf5+ Kxf5 29. Bg4+ Kxf4 30. h3 Kg5 31. Be3+ Kg6 32. Bh5+ Kg7 33. Qg4+ Kh8 34. Qxe4 Qe5 35. Qxe5+ Bxe5 36. Bg4 Kg7 37. h4 Kf6 38. Kg2 Bc3 39. Kf3 Be1 40. h5 Bb4 41. Ke4 Ke7 42. Bf5 Nd7 43. Bxd7 Kxd7 44. Bxa7 Ke6 45. Bd4 Ba3 46. Be3 Kf6 47. Kf4 Be7 48. Bd4+ Ke6 49. a4 Bb4 50. Be3 Kf6 51. Kg4 Ba5 52. Bc5 Ke5 53. b4 Bd8 54. a5 Ke4 55. Bb6 Bxb6 56. axb6 Kd4 57. c5 1-0

[Event "Cappelle op 09th"]
[Site "Cappelle la Grande"]
[Date "1993.??.??"]
[Round "4"]
[White "Sadler, Matthew D"]
[Black "Grigorov, Jordan N"]
[Result "1-0"]
[WhiteElo "2540"]
[BlackElo "2380"]
[PlyCount "95"]
[EventDate "1993.02.??"]
[EventType "swiss"]
[EventRounds "9"]
[EventCountry "FRA"]
[SourceTitle "TD"]
[Source "ChessBase"]
[SourceDate "1994.03.01"]
[SourceVersion "1"]
[SourceVersionDate "1994.03.01"]
[SourceQuality "1"]

1. d4 f5 2. g3 Nf6 3. Bg2 g6 4. Nf3 Bg7 5. 0-0 0-0 6. c4 d6 7. b3 Na6 8. Bb2 Qe8 9. Nbd2 e5 10. dxe5 Ng4 11. Qc1 Nxe5 12. Nxe5 dxe5 13. c5 c6 14. Nc4 Qe7 15. Qe3 Qxc5 16. Qxc5 Nxc5 17. Bxe5 Bxe5 18. Nxe5 Be6 19. Rfc1 Ne4 20. Nd3 Rae8 21. b4 Re7 22. Rc2 Bf7 23. a4 Bb3 24. Rcc1 Nd6 25. e3 Bc4 26. Nb2 Bf7 27. Rd1 Ne4 28. Rac1 Ra8 29. Nc4 Nf6 30. Na5 Bd5 31. Bxd5+ cxd5 32. Nb3 Kf7 33. Rc2 Rd8 34. Rdc1 Ne4 35. Rc8 Rxc8 36. Rxc8 Re8 37. Rc2 Re7 38. Nd4 Nf6 39. b5 Nd7 40. a5 Ne5 41. Rc8 Rd7 42. Ra8 b6 43. Nc6 Kf6 44. Rf8+ Nf7 45. a6 Ke6 46. Ra8 Nd6 47. Rxa7 Nxb5 48. Nd4+ 1-0

[Event "Vrnjacka Banja"]
[Site "Vrnjacka Banja"]
[Date "1992.04.21"]
[Round "14"]
[White "Drasko, Milan"]
[Black "Grigorov, Jordan N"]
[Result "1-0"]
[WhiteElo "2525"]
[BlackElo "2390"]
[PlyCount "79"]
[EventDate "1992.04.08"]
[EventType "tourn"]
[EventRounds "15"]
[EventCountry "YUG"]
[EventCategory "8"]
[SourceTitle "EXT 2014"]
[Source "ChessBase"]
[SourceDate "2013.11.20"]
[SourceVersion "1"]
[SourceVersionDate "2013.11.20"]
[SourceQuality "1"]

1. d4 f5 2. g3 g6 3. Bg2 Bg7 4. c3 Nf6 5. Nd2 d5 6. Nh3 0-0 7. Nf4 Nc6 8. Nf3 e6 9. Nd3 b6 10. Bf4 a5 11. Nfe5 Nxe5 12. Bxe5 Ba6 13. 0-0 Rc8 14. b4 axb4 15. cxb4 Qe7 16. a3 c6 17. Qc2 Nd7 18. Bxg7 Qxg7 19. Rfd1 e5 20. Nxe5 Nxe5 21. dxe5 Qxe5 22. e3 Bc4 23. a4 Rf7 24. b5 cxb5 25. Bxd5 Bxd5 26. Qxc8+ Kg7 27. Qc2 f4 28. exf4 Qh5 29. Qb2+ Kh6 30. Qxb5 Rf5 31. Rxd5 Rxd5 32. Qxb6 Rd1+ 33. Rxd1 Qxd1+ 34. Kg2 Qxa4 35. Qe6 Qa8+ 36. f3 Qd8 37. Qf7 Qd6 38. g4 g5 39. fxg5+ Kxg5 40. h4+ 1-0

[Event "Vrnjacka Banja"]
[Site "Vrnjacka Banja"]
[Date "1992.04.16"]
[Round "9"]
[White "Grigorov, Jordan N"]
[Black "Markovic, Miroslav"]
[Result "1/2-1/2"]
[WhiteElo "2390"]
[BlackElo "2370"]
[PlyCount "97"]
[EventDate "1992.04.08"]
[EventType "tourn"]
[EventRounds "15"]
[EventCountry "YUG"]
[EventCategory "8"]
[SourceTitle "EXT 2014"]
[Source "ChessBase"]
[SourceDate "2013.11.20"]
[SourceVersion "1"]
[SourceVersionDate "2013.11.20"]
[SourceQuality "1"]

1. e4 c5 2. Nf3 Nc6 3. Bb5 Nf6 4. Nc3 g6 5. h3 Bg7 6. e5 Ng8 7. Bxc6 dxc6 8. d3 Nh6 9. g4 f5 10. exf6 exf6 11. Be3 b6 12. Qd2 Nf7 13. 0-0-0 0-0 14. Rhg1 Be6 15. d4 Bd5 16. Nh4 c4 17. Ng2 Bf3 18. Rde1 b5 19. Nh4 Bd5 20. Nxd5 Qxd5 21. Qa5 Ng5 22. f4 Ne4 23. c3 Rfe8 24. f5 g5 25. Ng2 Bf8 26. h4 Bd6 27. hxg5 fxg5 28. Kb1 Ng3 29. Bxg5 Ne2 30. Ne3 Rxe3 31. Bxe3 Qe4+ 32. Ka1 Nxg1 33. Rxg1 Qxe3 34. Rb1 Qe7 35. d5 Qe4 36. Qa6 Qxd5 37. Qb7 Rf8 38. Qxa7 Be5 39. Qb7 Rb8 40. Qe7 b4 41. f6 Bxf6 42. Qxf6 b3 43. a3 Rf8 44. Qe7 Qd3 45. Qe6+ Kg7 46. Qe7+ Rf7 47. Qe5+ Kg8 48. Qe8+ Kg7 49. Qe5+ 1/2-1/2

[Event "Vrnjacka Banja"]
[Site "Vrnjacka Banja"]
[Date "1992.04.15"]
[Round "8"]
[White "Cabrilo, Goran"]
[Black "Grigorov, Jordan N"]
[Result "1/2-1/2"]
[WhiteElo "2520"]
[BlackElo "2390"]
[PlyCount "130"]
[EventDate "1992.04.08"]
[EventType "tourn"]
[EventRounds "15"]
[EventCountry "YUG"]
[EventCategory "8"]
[SourceTitle "EXT 2014"]
[Source "ChessBase"]
[SourceDate "2013.11.20"]
[SourceVersion "1"]
[SourceVersionDate "2013.11.20"]
[SourceQuality "1"]

1. e4 e5 2. Nf3 Nc6 3. Bb5 g6 4. c3 a6 5. Ba4 d6 6. d4 Bd7 7. 0-0 Bg7 8. Re1 Nge7 9. Be3 0-0 10. Nbd2 h6 11. dxe5 Nxe5 12. Nxe5 dxe5 13. Nf3 Bxa4 14. Qxa4 Qe8 15. Qb4 b6 16. Rad1 Nc6 17. Qc4 Qe6 18. Qxe6 fxe6 19. Rd7 Rf7 20. Red1 Rxd7 21. Rxd7 Rd8 22. Rxd8+ Nxd8 23. Kf1 Kf7 24. Ke2 Nb7 25. Kd3 Ke7 26. a4 Kd6 27. b4 b5 28. axb5 axb5 29. Nh4 g5 30. Nf3 c5 31. h4 g4 32. Bxc5+ Nxc5+ 33. bxc5+ Kxc5 34. Nh2 h5 35. g3 b4 36. cxb4+ Kxb4 37. f3 gxf3 38. Ke3 Kc5 39. g4 hxg4 40. Nxg4 Kd6 41. Kxf3 Ke7 42. Nf2 Kf6 43. Kg4 Bf8 44. Kh5 Kg7 45. Nh3 Bc5 46. Ng5 Kf6 47. Kg4 Be3 48. Nf3 Bf4 49. Ne1 Be3 50. Nd3 Bd4 51. Nb4 Be3 52. Nc6 Bf4 53. Nb8 Kf7 54. Nd7 Ke7 55. Nc5 Be3 56. Nd3 Kf6 57. Ne1 Bd2 58. Ng2 Kg6 59. h5+ Kf6 60. Nh4 Bf4 61. Nf3 Be3 62. Ne1 Bd2 63. Nd3 Be3 64. Nb4 Bd2 65. Nc6 Bf4 1/2-1/2

[Event "BUL-ch"]
[Site "Sofia"]
[Date "1992.??.??"]
[Round "7"]
[White "Ermenkov, Evgenij"]
[Black "Grigorov, Jordan N"]
[Result "1-0"]
[WhiteElo "2505"]
[BlackElo "2390"]
[PlyCount "99"]
[EventDate "1992.03.??"]
[EventType "tourn"]
[EventRounds "13"]
[EventCountry "BUL"]
[EventCategory "7"]
[SourceTitle "TD"]
[Source "ChessBase"]
[SourceDate "1994.03.01"]
[SourceVersion "1"]
[SourceVersionDate "1994.03.01"]
[SourceQuality "1"]

1. Nf3 f5 2. e4 fxe4 3. Ng5 Nf6 4. d3 e3 5. Bxe3 d5 6. d4 c5 7. c3 Bf5 8. Bd3 Qd7 9. 0-0 Nc6 10. Re1 h6 11. Nf3 Ng4 12. Bf4 g5 13. Ne5 Ngxe5 14. Bxe5 Nxe5 15. Bxf5 Qxf5 16. Rxe5 Qg6 17. dxc5 0-0-0 18. Rxd5 Bg7 19. Na3 Qc6 20. Qg4+ Kc7 21. Qg3+ Kc8 22. Rxd8+ Rxd8 23. Qe3 Bf6 24. h3 Rd5 25. b4 Qd7 26. Nc4 Rd1+ 27. Rxd1 Qxd1+ 28. Kh2 Qd5 29. Qe2 Bxc3 30. a3 Bf6 31. g3 h5 32. Ne3 Qf7 33. Qf3 h4 34. Nd5 hxg3+ 35. fxg3 Qe6 36. b5 Qe5 37. a4 Qb2+ 38. Qg2 Qxg2+ 39. Kxg2 Bd4 40. c6 e6 41. Ne7+ Kc7 42. cxb7 Kxb7 43. Nc6 Bf6 44. Kf3 Kb6 45. Ke4 Bb2 46. g4 Bc3 47. Kd3 Be1 48. Kc4 Bd2 49. Nd8 Ka5 50. Kb3 1-0

[Event "BUL-chT"]
[Site "Bankia"]
[Date "1992.??.??"]
[Round "1"]
[White "Grigorov, Jordan N"]
[Black "Dragolov, Todor"]
[Result "1/2-1/2"]
[WhiteElo "2390"]
[BlackElo "2260"]
[PlyCount "136"]
[EventDate "1992.??.??"]
[EventType "team"]
[EventRounds "11"]
[EventCountry "BUL"]
[SourceTitle "EXT 1998"]
[Source "ChessBase"]
[SourceDate "1997.11.17"]
[SourceVersion "1"]
[SourceVersionDate "1997.11.17"]
[SourceQuality "1"]

1. e4 c5 2. Nf3 d6 3. d4 cxd4 4. Nxd4 Nf6 5. Nc3 Nc6 6. g3 e6 7. Bg2 Bd7 8. 0-0 Be7 9. Kh1 Nxd4 10. Qxd4 Bc6 11. f4 0-0 12. Be3 b5 13. Rad1 Qd7 14. a3 a5 15. e5 Qb7 16. Bxc6 Qxc6+ 17. Kg1 Ng4 18. exd6 Nxe3 19. Qxe3 Bxd6 20. Qe4 Qb6+ 21. Kg2 b4 22. Na4 Qc7 23. axb4 axb4 24. b3 Rfd8 25. Rf2 Be7 26. Rfd2 Rxd2+ 27. Rxd2 Rc8 28. h4 h6 29. Re2 Bf8 30. Nb2 Rd8 31. Nd3 Qb6 32. Ne5 Rd1 33. Nf3 Rd8 34. Rd2 Rxd2+ 35. Nxd2 g6 36. Nc4 Qd8 37. Qd3 Qa8+ 38. Kh2 Bc5 39. Ne5 Qa1 40. Nf3 Qa8 41. Kg2 Be7 42. Qc4 Qb7 43. Kf2 Bf6 44. Nd2 Qh1 45. Nf3 Qd1 46. Qd3 Qa1 47. Qe4 Bc3 48. Kg2 Qd1 49. g4 Qd6 50. Ng1 Bf6 51. g5 hxg5 52. hxg5 Bd8 53. Ne2 Bc7 54. Kf3 Bb6 55. Qd3 Qc6+ 56. Kg3 Qc5 57. Qe4 Bc7 58. Kf3 Bb6 59. Ng3 Qf2+ 60. Kg4 Qc5 61. Qc4 Qg1 62. Qf1 Qd4 63. Qe2 Bc7 64. Qc4 Qd1+ 65. Kh3 Qd6 66. Kg4 Qd1+ 67. Qe2 Qd6 68. Qf3 Qc5 1/2-1/2

[Event "BUL-ch"]
[Site "Sofia"]
[Date "1992.??.??"]
[Round "10"]
[White "Grigorov, Jordan N"]
[Black "Radulski, Julian"]
[Result "0-1"]
[WhiteElo "2390"]
[BlackElo "2270"]
[PlyCount "122"]
[EventDate "1992.03.??"]
[EventType "tourn"]
[EventRounds "13"]
[EventCountry "BUL"]
[EventCategory "7"]
[SourceTitle "TD"]
[Source "ChessBase"]
[SourceDate "1994.03.01"]
[SourceVersion "1"]
[SourceVersionDate "1994.03.01"]
[SourceQuality "1"]

1. e4 e5 2. Nf3 Nc6 3. Bb5 g6 4. d4 exd4 5. Bg5 Be7 6. Bxe7 Qxe7 7. 0-0 Nf6 8. e5 Nd5 9. Bxc6 dxc6 10. Qxd4 Nb4 11. Na3 0-0 12. c3 c5 13. Qd2 Nc6 14. Qf4 Be6 15. Rfe1 Rfd8 16. Ng5 Kg7 17. Ne4 Rd5 18. Qf6+ Qxf6 19. exf6+ Kf8 20. c4 Rf5 21. Nc2 Re8 22. b3 Nd4 23. Nxd4 cxd4 24. Red1 Bd7 25. Rxd4 Bc6 26. f3 Rxf6 27. Nxf6 Re1+ 28. Kf2 Rxa1 29. Rd2 h5 30. g4 hxg4 31. Nxg4 a5 32. Ne5 Be8 33. Ke3 Ke7 34. f4 Ke6 35. Nf3 c5 36. Ng5+ Kf5 37. Rd5+ Kg4 38. Nf3 f6 39. Rd6 Rc1 40. Nd2 Rc3+ 41. Ke2 f5 42. Re6 Bc6 43. Rxg6+ Kxf4 44. Rg1 Rc2 45. a4 Rc3 46. Rf1+ Ke5 47. Nf3+ Bxf3+ 48. Rxf3 Rc2+ 49. Kd3 Rxh2 50. Re3+ Kd6 51. Rg3 Rh6 52. Rg7 b6 53. Ke3 Ke5 54. Re7+ Re6 55. Rf7 Rh6 56. Re7+ Kf6 57. Rc7 Kg5 58. Rg7+ Rg6 59. Re7 Kg4 60. Kf2 Rh6 61. Kg2 Rd6 0-1

[Event "BUL-ch sf"]
[Site "Sofia"]
[Date "1992.??.??"]
[Round "3"]
[White "Grigorov, Jordan N"]
[Black "Stavrev, Nikolai"]
[Result "1-0"]
[WhiteElo "2390"]
[BlackElo "2245"]
[PlyCount "93"]
[EventDate "1992.??.??"]
[EventType "swiss"]
[EventRounds "9"]
[EventCountry "BUL"]
[SourceTitle "EXT 1999"]
[Source "ChessBase"]
[SourceDate "1998.11.16"]
[SourceVersion "1"]
[SourceVersionDate "1998.11.16"]
[SourceQuality "1"]

1. e4 e6 2. d4 d5 3. Nc3 Bb4 4. e5 c5 5. a3 Ba5 6. Bd2 Nc6 7. Nf3 cxd4 8. Nb5 Bc7 9. Bf4 Nge7 10. Bd3 f5 11. h4 Ng6 12. Nxc7+ Qxc7 13. Bh2 0-0 14. 0-0 Ncxe5 15. Nxe5 Nxe5 16. Bf4 g5 17. hxg5 Qg7 18. Bxe5 Qxe5 19. f4 Qg7 20. Qf3 h6 21. gxh6 Qxh6 22. Kf2 Bd7 23. Rh1 Qg6 24. Rh3 Kf7 25. Rah1 Ke7 26. Rh6 Qg4 27. Rh7+ Kd6 28. Qxg4 fxg4 29. Kg3 Rf6 30. Rg7 Raf8 31. Rhh7 Bc6 32. Rxg4 e5 33. fxe5+ Kxe5 34. Rh5+ Kd6 35. Rxd4 Rg8+ 36. Rg4 Rxg4+ 37. Kxg4 Rf2 38. Kg3 Rd2 39. Rf5 d4 40. Rf2 Rd1 41. Kf4 Rg1 42. g4 Bd7 43. Bf5 Bxf5 44. Kxf5 Rb1 45. b3 Ke7 46. Re2+ Kf7 47. Rd2 1-0

[Event "BUL-ch sf"]
[Site "Sofia"]
[Date "1992.??.??"]
[Round "7"]
[White "Grigorov, Jordan N"]
[Black "Zahariev, Zahari"]
[Result "1/2-1/2"]
[WhiteElo "2390"]
[BlackElo "2365"]
[PlyCount "91"]
[EventDate "1992.??.??"]
[EventType "swiss"]
[EventRounds "9"]
[EventCountry "BUL"]
[SourceTitle "EXT 1998"]
[Source "ChessBase"]
[SourceDate "1997.11.17"]
[SourceVersion "1"]
[SourceVersionDate "1997.11.17"]
[SourceQuality "1"]

1. e4 e6 2. d4 d5 3. Nc3 Nf6 4. Bg5 Bb4 5. exd5 Qxd5 6. Bxf6 gxf6 7. Nge2 Nc6 8. Qd3 Bxc3+ 9. Qxc3 Bd7 10. Qb3 Qa5+ 11. c3 0-0-0 12. 0-0-0 Ne7 13. Ng3 Bc6 14. f3 Nf5 15. Nxf5 Qxf5 16. Qc2 Qxc2+ 17. Kxc2 h5 18. h4 Rhg8 19. Rd2 Rg3 20. Rh2 f5 21. f4 Be4+ 22. Kc1 Rdg8 23. Rf2 Kd7 24. Be2 Bxg2 25. Bxh5 Ke7 26. Kd2 b6 27. Be2 Bh3 28. Rf3 Rxf3 29. Bxf3 Bg4 30. Bc6 Kd6 31. Bh1 Rh8 32. Ke3 Ke7 33. c4 c5 34. Bc6 Kd6 35. Bb5 f6 36. dxc5+ Kxc5 37. a3 a5 38. b3 Rh7 39. Kd3 e5 40. Ke3 Kd6 41. Rd2+ Kc7 42. Rh2 Rh8 43. Ba4 Rh7 44. Bb5 Bh5 45. Rg2 Bg4 46. Rh2 1/2-1/2

[Event "Bankia tt"]
[Site "Bankia"]
[Date "1992.??.??"]
[Round "7"]
[White "Lalev, Dimitar"]
[Black "Grigorov, Jordan N"]
[Result "1-0"]
[WhiteElo "2425"]
[BlackElo "2390"]
[PlyCount "59"]
[EventDate "1992.??.??"]
[EventType "team"]
[EventRounds "7"]
[EventCountry "BUL"]
[SourceTitle "EXT 1997"]
[Source "ChessBase"]
[SourceDate "1996.11.15"]
[SourceVersion "1"]
[SourceVersionDate "1996.11.15"]
[SourceQuality "1"]

1. d4 g6 2. c4 Bg7 3. Nc3 d6 4. Nf3 f5 5. e4 fxe4 6. Nxe4 Nf6 7. Nxf6+ exf6 8. Be2 0-0 9. d5 Re8 10. 0-0 Nd7 11. Re1 Nf8 12. b3 Bd7 13. Bb2 a5 14. Qd2 b6 15. Nd4 f5 16. Nc6 Bxc6 17. dxc6 Ne6 18. Bf3 Bxb2 19. Qxb2 Ng7 20. Bd5+ Kh8 21. g3 Rxe1+ 22. Rxe1 Qf8 23. Re6 Rc8 24. Qd4 Qd8 25. Kg2 Qf8 26. h4 Qd8 27. f4 Qf8 28. Kh3 g5 29. hxg5 Qf7 30. Rh6 1-0

[Event "BUL-ch"]
[Site "Sofia"]
[Date "1992.??.??"]
[Round "11"]
[White "Topalov, Veselin"]
[Black "Grigorov, Jordan N"]
[Result "0-1"]
[WhiteElo "2460"]
[BlackElo "2390"]
[PlyCount "84"]
[EventDate "1992.03.??"]
[EventType "tourn"]
[EventRounds "13"]
[EventCountry "BUL"]
[EventCategory "7"]
[SourceTitle "TD"]
[Source "ChessBase"]
[SourceDate "1994.03.01"]
[SourceVersion "1"]
[SourceVersionDate "1994.03.01"]
[SourceQuality "1"]

1. d4 f5 2. g3 g6 3. Bg2 Nf6 4. Nh3 Bg7 5. Nf4 c6 6. Nc3 d5 7. h4 0-0 8. h5 Qe8 9. hxg6 hxg6 10. Nd3 Nbd7 11. Bh6 e5 12. Bxg7 Kxg7 13. dxe5 Nxe5 14. Qd2 Nxd3+ 15. cxd3 Be6 16. d4 Rh8 17. 0-0-0 Qe7 18. Qg5 Kf7 19. Qf4 Nh5 20. Qe3 Qd6 21. Rh4 Nf6 22. Rdh1 Rxh4 23. Rxh4 Rg8 24. Nb1 g5 25. Rh1 Ng4 26. Qf3 Kg6 27. e3 Qf8 28. Qe2 Rh8 29. Rg1 Qb4 30. f3 Nf6 31. Nc3 Rh2 32. a3 Qd6 33. Qe1 Kf7 34. Bf1 b5 35. Na2 Bd7 36. Nb4 c5 37. Nd3 c4 38. Ne5+ Ke6 39. g4 fxg4 40. fxg4 Ne4 41. Bg2 c3 42. b4 Qa6 0-1

[Event "BUL-ch 22nd"]
[Site "Pazardzik"]
[Date "1991.??.??"]
[Round "8"]
[White "Chatalbashev, Boris"]
[Black "Grigorov, Jordan N"]
[Result "1-0"]
[WhiteElo "2385"]
[BlackElo "2385"]
[PlyCount "181"]
[EventDate "1991.??.??"]
[EventType "swiss"]
[EventRounds "10"]
[EventCountry "BUL"]
[SourceTitle "TD"]
[Source "ChessBase"]
[SourceDate "1994.03.01"]
[SourceVersion "1"]
[SourceVersionDate "1994.03.01"]
[SourceQuality "1"]

1. d4 g6 2. e4 Bg7 3. Nc3 c6 4. Bc4 e6 5. e5 d5 6. exd6 Qxd6 7. Ne4 Qc7 8. Qf3 f5 9. Ng5 Bxd4 10. Ne2 Be5 11. Nf4 Qe7 12. Qe2 Nd7 13. Nfxe6 h6 14. Nf3 Bd6 15. 0-0 Ngf6 16. Rd1 Ne4 17. Bf4 Bxf4 18. Nxf4 Nf8 19. Nd2 Bd7 20. Nxe4 fxe4 21. Rd4 0-0-0 22. Rxe4 Qf6 23. c3 Bf5 24. Re7 Qd6 25. Qe5 Qxe5 26. Rxe5 Nd7 27. Re2 Nc5 28. Rae1 g5 29. Ne6 Bxe6 30. Bxe6+ Nxe6 31. Rxe6 Rd2 32. R6e2 Rxe2 33. Rxe2 Kd7 34. f3 Rf8 35. Re4 b5 36. Kf2 a5 37. Kg3 h5 38. h4 Rg8 39. hxg5 Rxg5+ 40. Kh3 c5 41. c4 bxc4 42. Rxc4 Ke6 43. g4 hxg4+ 44. fxg4 Rg8 45. b3 Kd5 46. Ra4 Ra8 47. g5 Ke6 48. Kg4 Ke5 49. Rc4 Rc8 50. a3 Kd5 51. g6 Rb8 52. Kg5 Rxb3 53. g7 Kxc4 54. g8Q+ Kc3 55. Kf4 Rxa3 56. Ke4 Kb4 57. Qb8+ Kc4 58. Qb6 Ra1 59. Qe6+ Kb4 60. Kd3 Ra3+ 61. Kc2 a4 62. Qb6+ Kc4 63. Qa5 Ra2+ 64. Kb1 Ra3 65. Kb2 Rb3+ 66. Ka2 Rb4 67. Ka3 Kd5 68. Qd8+ Kc6 69. Qe7 Kb6 70. Qd6+ Kb5 71. Qd7+ Kb6 72. Qd5 Kb5 73. Qb7+ Kc4 74. Qd7 Kc3 75. Qd5 Rc4 76. Qd6 Kc2 77. Qd7 Rd4 78. Qf5+ Kc3 79. Qxc5+ Kd3 80. Kb2 Rc4 81. Qd5+ Rd4 82. Qf3+ Kc4 83. Qe3 Kd5 84. Kc3 Rc4+ 85. Kd3 Rb4 86. Qg5+ Kc6 87. Qf6+ Kb5 88. Qe5+ Ka6 89. Kc3 Rb5 90. Qd6+ Rb6 91. Qd7 1-0